Introducción a la macroeconomía colombiana / (Registro nro. 8531)

Detalles MARC
000 -LEADER
fixed length control field 01445nam a2200337Ia 4500
003 - CONTROL NUMBER IDENTIFIER
control field OSt
005 - DATE AND TIME OF LATEST TRANSACTION
control field 20210908162436.0
008 - FIXED-LENGTH DATA ELEMENTS--GENERAL INFORMATION
fixed length control field 210310s1989 ck ad fr 000 0 spa d
020 ## - INTERNATIONAL STANDARD BOOK NUMBER
International Standard Book Number 9586012077
040 ## - CATALOGING SOURCE
Original cataloging agency CO-JMCR
Transcribing agency CO-JMCR
041 0# - LANGUAGE CODE
Language code of text/sound track or separate title spa
082 04 - DEWEY DECIMAL CLASSIFICATION NUMBER
Classification number 339 /
Item number L865i
Edition number 23
100 1# - MAIN ENTRY--PERSONAL NAME
Personal name Lora, Eduardo,
9 (RLIN) 17543
Relator term autor
245 10 - TITLE STATEMENT
Title Introducción a la macroeconomía colombiana /
Statement of responsibility, etc. Eduardo Lora, José Antonio Ocampo, coordinadores ; Eduardo Lora, José Antonio Ocampo, Mauricio Avella [y 1 más]
250 ## - EDITION STATEMENT
Edition statement Primera edición
260 ## - PUBLICATION, DISTRIBUTION, ETC.
Place of publication, distribution, etc. Bogotá :
Name of publisher, distributor, etc. Tercer Mundo,
Date of publication, distribution, etc. 1989
300 ## - PHYSICAL DESCRIPTION
Extent 460 páginas :
Other physical details ilustraciones y gráficas a blanco y negro ;
Dimensions 23 cm.
490 0# - SERIES STATEMENT
Series statement Economía
500 ## - GENERAL NOTE
General note Incluye notas a pie de página.
504 ## - BIBLIOGRAPHY, ETC. NOTE
Bibliography, etc. note Bibliografía: páginas 456-457
505 0# - FORMATTED CONTENTS NOTE
Formatted contents note La estructura de la economía colombiana -- El sector externo -- Política fiscal -- El dinero y el sistema financiero -- El corto plazo: actividad económica, inflación y políticas de estabilización -- El desarrollo económico
650 14 - SUBJECT ADDED ENTRY--TOPICAL TERM
Topical term or geographic name entry element Macroeconomía
9 (RLIN) 17545
650 24 - SUBJECT ADDED ENTRY--TOPICAL TERM
Topical term or geographic name entry element Economía
Geographic subdivision Colombia
9 (RLIN) 7273
650 24 - SUBJECT ADDED ENTRY--TOPICAL TERM
Topical term or geographic name entry element Política económica
Geographic subdivision Colombia
9 (RLIN) 40172
650 24 - SUBJECT ADDED ENTRY--TOPICAL TERM
Topical term or geographic name entry element Desarrollo económico
Geographic subdivision Colombia
9 (RLIN) 6913
700 1# - ADDED ENTRY--PERSONAL NAME
Personal name Ocampo, José Antonio,
Relator term coordinador
9 (RLIN) 6129
700 1# - ADDED ENTRY--PERSONAL NAME
Personal name Lora, Eduardo,
Relator term autor
9 (RLIN) 2270
700 1# - ADDED ENTRY--PERSONAL NAME
Personal name Ocampo, José Antonio,
Relator term autor
9 (RLIN) 6129
700 1# - ADDED ENTRY--PERSONAL NAME
Personal name Avella, Mauricio,
Relator term autor
9 (RLIN) 40182
942 ## - ADDED ENTRY ELEMENTS (KOHA)
Source of classification or shelving scheme Dewey Decimal Classification
Koha item type Books
Existencias
Withdrawn status Lost status Source of classification or shelving scheme Damaged status Not for loan Collection code Home library Current library Date acquired Source of acquisition Full call number Barcode Date last seen Copy number Koha item type
    Dewey Decimal Classification     Non-fiction Biblioteca Pública José María del Castillo y Rada Biblioteca Pública José María del Castillo y Rada 04/15/2018 Donación 339 / L865i 430004010 05/16/2024 Ej.1 Books